000 00597nam a2200217Ia 4500
005 20250923144552.0
008 008 250917s9999 xx 000 0 eng d
037 _aTextual
040 _aDSWL
_beng
_cDSWL
041 _aeng
_2eng
084 _aY12:4, J7
_qDSWL
100 _aPhilp, Aif
_9826191
245 0 _aProblem of the problem family
_cby Aif Philp.
260 _aLondon
_b Family Service Units
_c1957
300 _ax, 77p.
365 _aINR
_b75.6
700 _aNoel Timms
_9826192
925 _g75.6
942 _cTEXL
_hY12:4, J7
999 _c1440615
_d1440615